000 00173 a2200097 4500
020 _a5026
041 _aspa
100 _aAvalos, Cecilia
245 _aMi Abuelita
942 _cBK
999 _c4888
_d4888